000 00600nam a22001937a 4500
999 _c11551
_d11551
003 OSt
005 20181213091406.0
008 181212b ||||| |||| 00| 0 eng d
022 _a00116009
040 _c0
082 _aDPer 792.805 D19 Mar-Aug 2016 v.90, n.3-8
100 _aCappelle, Laura.
_933122
245 _aThe Paris opera ballet newest starlet/
_cLaura Cappelle
260 _aNew York:
_bDance Media,
_ccMar 2016 - Aug 2016.
300 _av. 90, n.3-8, p. 19
_bcolored illustrations:
_c25 cm.
500 _aDance magazine
650 _aParis ballet
_vPeriodical
_933123
942 _2ddc
_cPER